01823nam a22002177a 450000500170000000800410001702000180005804000070007604100120008308200140009510000250010924500500013426000460018430000280023036500530025852010690031165000330138094200120141399900190142595201610144420260116150049.0260116b |||||||| |||| 00| 0 eng d a9789357319256 cAL aEnglish a920bROYC aAnuradha Roy9251508 aCalled by the hillsb: a home in the Himalaya aGurugrambHachette Book Publishing c2025 a171p.bHBc22.5x14.5cm. a5464b₹800.00c₹d₹999.00e20%f10-01-2026 aA book about building a home and a wild garden on the edge of a Himalayan forest, illuminated by the author's own watercolours. When novelist Anuradha Roy and her husband stumble upon a derelict cottage in the hill station of Ranikhet, they decide it is where they will now live. Leaving behind the freneticism of Delhi, Roy is initially bemused by the gentle pace of life in the mountains. Before long, however, she is won over: spellbound by the landscape, taken to the heart of her sometimes recalcitrant neighbours and adopted by several mountain dogs. Over twenty-five years, as Roy becomes accustomed to living among forests where leopards roam freely, she will come to encounter nature at its most fierce, beautiful and vulnerable – and bear witness to the destructive impact of global warming on the alpine ecosystem. Called by the Hills: A Home in the Himalaya is an intimate portrait of a home, a community and a rugged, extraordinary landscape. Written with unsentimental clarity, humour and poignancy, this is an account of profound transformations. aBiography and Memoir9251437 2ddccBK c240756d240756 00102ddc40708SOCaALbALcSKd2026-01-13eBiblios Book Point, Surathkal-575014g800.00l0o920 ROYCp078029r2026-01-16 11:35:13v999.00w2026-01-10yBK